00727nam a22002057a 450000500170000000800400001702000180005705000200007510000190009524000550011424501410016925000110031026000430032130000210036449000320038565000200041765000230043765000270046070000340048720181106080034.0181106b sp||||| |||| 00| 0 spa d a978844931946404aHM671bS35 20061 aShiva, Vandana aEarth Democracy. Justice, Sustainability and Peace10aManifiesto para una democracia de la tierra :bjusticia, sostenibilidad y paz / cVandana Shiva ; traducción de Albino Santos Mosquera a1a ed. aBarcelona, España :bPaidós,c2016 a229 p. ;c23 cm. 0aEstado y Sociedad,vNo. 144 4aJusticia social 4aJusticia ambiental 4aDesarrollo sustentable1 aSantos Mosquera, Albino,etr.